All Argentina's Premier League Players Ever - Statistics

General Stats
  • This quiz has been taken 132 times
    51 since last reset
  • The average score is 35 of 88
Answer Stats
# Year Team(s) Player % Correct
275 2011-21 Manchester City Sergio Agüero
98%
166 2019- Brighton, Liverpool Alexis Mac Allister
95%
202 2006-13 West Ham, Manchester United, Manchester City Carlos Tévez
95%
196 2014-15, 2016-17, 2019- Arsenal, Aston Villa Emiliano Martínez
95%
58 2022- Manchester United Lisandro Martínez
95%
100 2021- Tottenham Cristian Romero
93%
82 2022- Chelsea Enzo Fernández
90%
7 2015-18 Manchester United Sergio Romero
90%
177 2013-21 Tottenham Érik Lamela
88%
199 2014-22 Swansea City, Newcastle United Federico Fernández
88%
93 2021- Manchester United Alejandro Garnacho
86%
136 2015-20 Manchester City Nicolás Otamendi
86%
303 2008-20 Manchester City, West Ham Pablo Zabaleta
86%
99 2006-11 West Ham, Liverpool Javier Mascherano
81%
57 2009-12 Liverpool Maxi Rodríguez
81%
23 2024- West Ham Guido Rodríguez
79%
76 2014-20 Manchester United Marcos Rojo
76%
67 2022-24 Manchester City Julián Alvarez
74%
120 2019-20, 2021-23, 2024-25 Norwich City, Aston Villa Emiliano Buendía
69%
1 1998-99 Arsenal Fabian Caballero
69%
211 2008-09, 2010-16 Newcastle United Fabricio Coloccini
69%
58 2001-04 Manchester United, Chelsea Juan Sebastián Verón
69%
36 2014-22 Manchester City, Chelsea, Southampton Willy Caballero
69%
49 2003-04, 2005-06 Chelsea Hernán Crespo
67%
13 2014-15 Sunderland Ricky Álvarez
67%
77 2019-22, 2023-24 Tottenham Giovani Lo Celso
64%
179 2015-23 West Ham Manuel Lanzini
64%
27 2014-15 Manchester United Ángel Di María
62%
78 2013-16 Manchester City Martín Demichelis
60%
52 2004-07 Manchester United Gabriel Heinze
57%
71 2022-25 Brighton, Leicester City Facundo Buonanotte
52%
60 2023- Nottingham Forest Nicolás Domínguez
52%
96 2014-18 Leicester City, Brighton Leonardo Ulloa
50%
14 2018-19 Chelsea Gonzalo Higuaín
48%
1 2024– Manchester City Claudio Echeverri
43%
154 2008-09, 2010-15 Newcastle United, Norwich City Jonás Gutiérrez
43%
79 2022- Bournemouth Marcos Senesi
43%
31 2014-15 Leicester City Esteban Cambiasso
40%
14 2023-24 Nottingham Forest Gonzalo Montiel
40%
106 2016-20 Watford Roberto Pereyra
40%
34 2022–23, 2024– Southampton, Everton Carlos Alcaraz
38%
16 2018-20 Tottenham Juan Foyth
38%
43 2012-16, 2017-20 Southampton, Tottenham Paulo Gazzaniga
36%
122 2008-13 Chelsea, Blackburn Rovers, Wigan Athletic Franco Di Santo
33%
46 2006-10 Liverpool Emiliano Insúa
29%
93 2004-05, 2013-16, 2017-19 Crystal Palace Julian Speroni
29%
55 2015-18 Everton Ramiro Funes Mori
29%
1 2022–23 Manchester City Máximo Perrone
26%
40 1998-2001 Arsenal Nelson Vivas
26%
6 2023-24 Brighton Valentín Barco
26%
20 2014-15 Tottenham Federico Fazio
24%
13 2005-06 West Ham Lionel Scaloni
24%
8 2023-24 Tottenham Alejo Véliz
21%
160 2012-18 West Bromwich Albion Claudio Yacob
21%
43 2007-08, 2014-17 Birmingham City, West Ham, QPR, Watford Mauro Zárate
19%
3 2024– Bournemouth Julio Soler
17%
16 2007-08 Derby County Emanuel Villa
14%
149 2000-03, 2005-09 Sunderland, Middlesbrough Julio Arca
14%
20 2018-19 Fulham Luciano Vietto
14%
12 2004-05 Liverpool Mauricio Pellegrino
14%
33 2011-13, 2014-15 QPR Alejandro Faurlín
12%
88 1998-2002 Derby County Horacio Carbonari
12%
1 2003-04 Birmingham Luciano Figueroa
12%
42 2013-15 Sunderland Santiago Vergini
12%
21 2011-12 Everton Denis Stracqualursi
10%
26 2002-04 Fulham Facundo Sava
10%
7 2019-20 Watford Ignacio Pussetto
10%
6 2013-14 Sunderland Ignacio Scocco
10%
2 2010-11 Sunderland Marcos Angeleri
10%
13 2005-06 Porstmouth Andrés D'Alessandro
7%
8 1999-2000 Derby County Esteban Fuertes
7%
28 2017-18, 2019-20 Brighton Ezequiel Schelotto
7%
7 2017-18 Southampton Guido Carrillo
7%
16 2016-17 West Ham Jonathan Calleri
7%
2 2002-03 Fulham Martin Herrera
7%
130 1998-2004 Tottenham Mauricio Taricco
7%
15 2010-11, 2012-13 Wigan Athletic Mauro Boselli
7%
34 2011-12 Blackburn Rovers Mauro Formica
7%
3 2014-15 West Bromwich Albion Sebastián Blanco
7%
43 1999-2004 Middlesbrough Carlos Marinelli
5%
24 2000-02 Newcastle United Christian Bassedas
5%
21 2000-01 Newcastle United Daniel Cordone
5%
1 2011-12 Swansea City Federico Bessone
5%
7 2008-09 West Bromwich Albion Juan Carlos Menseguéz
5%
9 1998-99 Sheffield Wednesday Juan Cobian
5%
13 2012-14 Norwich City Luciano Becchio
5%
26 2001-02 Derby County Luciano Zavagno
5%
22 2001-02 Ipswich Town Sixto Peralta
5%
No matching quizzes found
Score Distribution
Percent of People with Each Score
Percentile by Number Answered
Your Score History
You have not taken this quiz since the last reset